Lazarillo de Tormes / (Registro nro. 9168)

Detalles MARC
000 -LIDER
fixed length control field 00709nam a22002657a 4500
001 - NÚMERO DE CONTROL
Identificador de número de control 0155
003 - IDENTIFICACDOR DE NÚMERO DE CONTROL
control field DO-SdBNP
005 - DATE AND TIME OF LATEST TRANSACTION
control field 20180130112826.0
007 - CAMPOS FIJOS DE DESCRIPCIÓN FÍSICA
fixed length control field 0155
008 - ELEMENTOS DE LONGITUD FIJA
fixed length control field 151005b 2007 ec 00| 0 spa d
020 ## - ISBN
International Standard Book Number 9789978490426
040 ## - FUENTE DE CATALOGACIÓN
Agencia que crea de manera original el registro BPMSU
Idioma de catalogación spa
Agencia que realiza la transcripción BPMSU
092 ## - LOCALLY ASSIGNED DEWEY DECIMAL CALL NUMBER
Número de clasificación XXXX
Número de ítem (Cutter) XXXX
245 00 - MENCIÓN DE TITULO
Título Lazarillo de Tormes /
Mención de responsabilidad Anónimo ; ilustración Nelson Jácome
250 ## - MENCIÓN DE EDICION
Mención de edición 2a. ed.
260 ## - PUBLICACIÓN, DISTRIBUCIÓN, ETC. (PIE DE IMPRENTA)
Lugar de publicación, distribución, etc Quito, Ecuador :
Nombre del editor, distribuidor, etc. Libresa,
Fecha de publicación, distribución, etc 2007.
Fecha de impresión 2a. reimpr
300 ## - DESCRIPCIÓN FÍSICA
Extensión 44 p. :
Otros detalles físicos il.
Dimensiones 21 cm.
490 1# - MENCIÓN DE SERIES
Mención de serie Clásicos de siempre
700 12 - ASIENTO SECUNDARIO -- NOMBRE PERSONAL
Nombre personal Jácome, Nelson
Mención de responsabilidad il.
830 #0 - ASIENTO SECUNDARIO DE SERIE--TÍTULO UNIFORME
Título uniforme Clásicos de siempre
910 ## - VALIDACIÓN
Validación 202
942 ## - ADDED ENTRY ELEMENTS (KOHA)
Source of classification or shelving scheme Dewey Decimal Classification
Koha item type Libros
945 ## - INFORMACIÓN DE PROCESAMIENTO LOCAL
Información de procesamiento local Inventariado, 2018/ YL
956 ## - LOCAL ELECTRONIC LOCATION AND ACCESS (OCLC)
Nombre de host Yngrid Lockward
Número de acceso 10
Información de compresión BPMSU
Existencias
Withdrawn status Lost status Source of classification or shelving scheme Damaged status Not for loan Collection code Home library Current library Date acquired Source of acquisition Total Checkouts Barcode Date last seen Price effective from Koha item type
    Dewey Decimal Classification     Colección Juvenil General Biblioteca Pública Metropolitana Salomé Ureña Biblioteca Pública Metropolitana Salomé Ureña 03/09/2016 Donación   BPMSU18010079 03/09/2016 03/09/2016 Libros